| 000 -LEADER |
| fixed length control field |
00764nam a2200229Ia 4500 |
| 001 - CONTROL NUMBER |
| control field |
3351 |
| 003 - CONTROL NUMBER IDENTIFIER |
| control field |
GE_BSU |
| 008 - FIXED-LENGTH DATA ELEMENTS--GENERAL INFORMATION |
| fixed length control field |
181216s||||||||xx |||||||||||||| ||und|| |
| 020 ## - INTERNATIONAL STANDARD BOOK NUMBER |
| International Standard Book Number |
5090006377 |
| 040 ## - CATALOGING SOURCE |
| Transcribing agency |
GE_BSU |
| 080 ## - UNIVERSAL DECIMAL CLASSIFICATION NUMBER |
| Universal Decimal Classification number |
543+547(075.8) |
| 100 ## - MAIN ENTRY--PERSONAL NAME |
| Personal name |
Беляева,И.И. Стуягин,Е.И. Шепелина,В.Л. |
| 245 ## - TITLE STATEMENT |
| Title |
Задачи и упражнения по общей и неогранической химии. |
| 245 ## - TITLE STATEMENT |
| Remainder of title |
Учебное пособие. |
| 245 ## - TITLE STATEMENT |
| Statement of responsibility, etc. |
Ред.В.И.Володина. |
| 260 ## - PUBLICATION, DISTRIBUTION, ETC. |
| Place of publication, distribution, etc. |
М. |
| 260 ## - PUBLICATION, DISTRIBUTION, ETC. |
| Name of publisher, distributor, etc. |
Просвещение. |
| 260 ## - PUBLICATION, DISTRIBUTION, ETC. |
| Date of publication, distribution, etc. |
1989. |
| 300 ## - PHYSICAL DESCRIPTION |
| Extent |
191стр.20см. |
| 653 ## - INDEX TERM--UNCONTROLLED |
| Uncontrolled term |
Задачи и упражнения по общей и неогранической химии. |
| 942 ## - ADDED ENTRY ELEMENTS (KOHA) |
| Koha item type |
წიგნი |